[Event "Campeonato España Sub 16"]
[Site "Salobreña"]
[Date "2017.07.26"]
[Round "4"]
[White "Lopez Mijail, Nicolas"]
[Black "Cubas Cabrera, Angel Luis"]
[Result "1/2-1/2"]
[Board "18"]
[WhiteClock "n/a"]
[WhiteElo "1923"]
[WhiteCountry "ESP"]
[WhiteFideId "24513407"]
[WhiteEloChange "3"]
[BlackClock "n/a"]
[BlackElo "2029"]
[BlackCountry "ESP"]
[BlackFideId "32046561"]
[BlackEloChange "-3"]

1. e4 {[%clk 1:30:30]} e5 {[%clk 1:30:30]} 2. Nf3 {[%clk 1:30:30]} Nc6 {[%clk
1:30:30]} 3. Bb5 {[%clk 1:30:30]} Nf6 {[%clk 1:30:30]} 4. O-O {[%clk 1:30:30]}
Nxe4 {[%clk 1:32:00]} 5. Re1 {[%clk 1:31:00]} Nd6 {[%clk 1:32:00]} 6. Nxe5 {[%clk
1:31:00]} Nxe5 {[%clk 1:33:00]} 7. Rxe5+ {[%clk 1:31:00]} Be7 {[%clk 1:33:00]} 8.
Bf1 {[%clk 1:32:00]} O-O {[%clk 1:33:00]} 9. d4 {[%clk 1:32:00]} Ne8 {[%clk
1:33:00]} 10. d5 {[%clk 1:32:00]} d6 {[%clk 1:33:00]} 11. Re1 {[%clk 1:32:00]}
Nf6 {[%clk 1:33:00]} 12. c4 {[%clk 1:32:00]} Re8 {[%clk 1:33:00]} 13. Bd3 {[%clk
1:32:00]} c6 {[%clk 1:33:00]} 14. Nc3 {[%clk 1:32:00]} cxd5 {[%clk 1:33:00]} 15.
cxd5 {[%clk 1:32:00]} a6 {[%clk 1:33:00]} 16. Qb3 {[%clk 1:32:00]} Nd7 {[%clk
1:33:00]} 17. Be3 {[%clk 1:32:00]} b6 {[%clk 1:33:00]} 18. Bf5 {[%clk 1:32:00]}
Nc5 {[%clk 1:33:00]} 19. Bxc5 {[%clk 1:32:00]} bxc5 {[%clk 1:33:00]} 20. Bxc8
{[%clk 1:32:00]} Qxc8 {[%clk 1:33:00]} 21. Qc2 {[%clk 1:32:00]} Bf8 {[%clk
1:33:00]} 22. Qd3 {[%clk 1:32:00]} Qb7 {[%clk 1:33:00]} 23. b3 {[%clk 1:32:00]}
Rad8 {[%clk 1:33:00]} 24. Ne4 {[%clk 1:32:00]} Re5 {[%clk 1:33:00]} 25. Rad1
{[%clk 1:32:00]} Rde8 {[%clk 1:33:00]} 26. Re3 {[%clk 1:32:00]} Qb5 {[%clk
1:33:00]} 27. Qxb5 {[%clk 1:32:00]} axb5 {[%clk 1:33:00]} 28. Rde1 {[%clk
1:32:00]} f5 {[%clk 1:33:00]} 29. Ng5 {[%clk 1:32:00]} Rxe3 {[%clk 1:33:00]} 30.
Rxe3 {[%clk 1:32:00]} Rxe3 {[%clk 1:33:00]} 31. fxe3 {[%clk 1:32:00]} Be7 {[%clk
1:33:00]} 32. Ne6 {[%clk 1:32:00]} Kf7 {[%clk 1:33:00]} 33. Kf2 {[%clk 1:32:00]}
Kf6 {[%clk 1:33:00]} 34. Ke2 {[%clk 1:32:00]} g6 {[%clk 1:33:00]} 35. a4 {[%clk
1:32:00]} bxa4 {[%clk 1:33:00]} 36. bxa4 {[%clk 1:32:00]} Ke5 {[%clk 1:33:00]}
37. Nf4 {[%clk 1:32:00]} g5 {[%clk 1:33:00]} 38. a5 {[%clk 1:32:00]} Bd8 {[%clk
1:33:00]} 39. a6 {[%clk 1:32:00]} Bb6 {[%clk 1:33:00]} 40. Ne6 {[%clk 1:32:00]}
Kxd5 {[%clk 1:33:00]} 41. Nxg5 {[%clk 1:32:00]} h5 {[%clk 1:33:00]} 42. Nf7
{[%clk 1:32:00]} c4 {[%clk 1:33:00]} 43. h4 {[%clk 1:32:00]} Ba7 {[%clk 1:33:00]}
44. g3 {[%clk 1:32:00]} Ke6 {[%clk 1:33:00]} 45. Nd8+ {[%clk 1:32:00]} Kd7 {[%clk
1:33:00]} 46. Nf7 {[%clk 1:32:00]} d5 {[%clk 1:33:00]} 47. Nh6 {[%clk 1:32:00]}
Ke6 {[%clk 1:33:00]} 48. Kd2 {[%clk 1:32:00]} Bb6 {[%clk 1:33:00]} 49. Ke2 {[%clk
1:32:00]} Bc5 {[%clk 1:33:00]} 50. Kd2 {[%clk 1:32:00]} Ba7 {[%clk 1:33:00]} 51.
Ke2 {[%clk 1:32:00]} Bb8 {[%clk 1:33:00]} 52. Kf3 {[%clk 1:32:00]} Ba7 {[%clk
1:33:00]} 53. Ke2 {[%clk 1:32:00]} Kf6 {[%clk 1:33:00]} 54. Ng8+ {[%clk 1:32:00]}
Kf7 {[%clk 1:33:00]} 55. Nh6+ {[%clk 1:32:00]} Ke6 {[%clk 1:33:00]} 56. Kd2
{[%clk 1:32:00]} Bb6 {[%clk 1:33:00]} 57. Ke2 {[%clk 1:32:00]} Bc5 {[%clk
1:33:00]} 58. Kd2 {[%clk 1:32:00]} 1/2-1/2

[Event "Campeonato España Sub 16"]
[Site "Salobreña"]
[Date "2017.07.26"]
[Round "4"]
[White "Redondo Benavente, Ana"]
[Black "Rodriguez Lopez, David"]
[Result "1/2-1/2"]
[Board "19"]
[WhiteClock "1:30"]
[WhiteTitle "WFM"]
[WhiteElo "2026"]
[WhiteCountry "ESP"]
[WhiteFideId "32021674"]
[WhiteEloChange "-3"]
[BlackClock "1:30"]
[BlackElo "1923"]
[BlackCountry "ESP"]
[BlackFideId "32005830"]
[BlackEloChange "3"]

1. d4 {[%clk 1:30:00]} d5 {[%clk 1:30:00]} 2. Bf4 {[%clk 1:31:00]} c6 {[%clk
1:31:00]} 3. e3 {[%clk 1:31:00]} Nf6 {[%clk 1:31:00]} 4. c4 {[%clk 1:30:00]} Bf5
{[%clk 1:30:00]} 5. Nc3 {[%clk 1:30:00]} e6 {[%clk 1:31:00]} 6. Nf3 {[%clk
1:29:00]} Nbd7 {[%clk 1:28:00]} 7. a3 {[%clk 1:26:00]} Be7 {[%clk 1:27:00]} 8. h3
{[%clk 1:23:00]} h6 {[%clk 1:27:00]} 9. Ne5 {[%clk 1:17:00]} Nxe5 {[%clk
1:23:00]} 10. Bxe5 {[%clk 1:10:00]} Bd6 {[%clk 1:21:00]} 11. g4 {[%clk 0:52:00]}
Bg6 {[%clk 1:16:00]} 12. cxd5 {[%clk 0:41:00]} exd5 {[%clk 1:16:00]} 13. Bg2
{[%clk 0:42:00]} Bxe5 {[%clk 1:06:00]} 14. dxe5 {[%clk 0:42:00]} Nd7 {[%clk
1:05:00]} 15. f4 {[%clk 0:37:00]} Qh4+ {[%clk 0:55:00]} 16. Kf1 {[%clk 0:36:00]}
O-O {[%clk 0:51:00]} 17. Qe1 {[%clk 0:31:00]} Bd3+ {[%clk 0:48:00]} 18. Kg1
{[%clk 0:31:00]} Qxe1+ {[%clk 0:48:00]} 19. Rxe1 {[%clk 0:32:00]} Nc5 {[%clk
0:46:00]} 20. Rd1 {[%clk 0:29:00]} Be4 {[%clk 0:44:00]} 21. b4 {[%clk 0:24:00]}
Bxg2 {[%clk 0:43:00]} 22. Kxg2 {[%clk 0:25:00]} Ne6 {[%clk 0:42:00]} 23. Kg3
{[%clk 0:21:00]} Nc7 {[%clk 0:37:00]} 24. Rd3 {[%clk 0:18:56]} a5 {[%clk
0:35:00]} 25. Rhd1 {[%clk 0:19:07]} axb4 {[%clk 0:34:00]} 26. axb4 {[%clk
0:19:36]} f6 {[%clk 0:34:00]} 27. exf6 {[%clk 0:19:26]} Rxf6 {[%clk 0:33:00]} 28.
e4 {[%clk 0:18:21]} dxe4 {[%clk 0:33:00]} 29. Nxe4 {[%clk 0:18:44]} Rf7 {[%clk
0:32:00]} 30. Nd6 {[%clk 0:17:46]} Rd7 {[%clk 0:31:00]} 31. Nxb7 {[%clk 0:15:22]}
Rxd3+ {[%clk 0:31:00]} 32. Rxd3 {[%clk 0:15:51]} Na6 {[%clk 0:31:00]} 33. Ra3
{[%clk 0:10:13]} Rb8 {[%clk 0:31:00]} 34. Rxa6 {[%clk 0:09:29]} Rxb7 {[%clk
0:31:00]} 35. Rxc6 {[%clk 0:07:10]} Rxb4 {[%clk 0:32:00]} 36. h4 {[%clk 0:06:11]}
Rb3+ {[%clk 0:32:00]} 37. Kf2 {[%clk 0:06:34]} Rh3 {[%clk 0:32:00]} 38. h5 {[%clk
0:05:07]} Ra3 {[%clk 0:32:00]} 39. Re6 {[%clk 0:05:10]} Kf7 {[%clk 0:33:00]} 40.
Re3 {[%clk 0:05:35]} Ra4 {[%clk 0:33:00]} 41. Kf3 {[%clk 0:05:40]} Rb4 {[%clk
0:33:00]} 42. Kg3 {[%clk 0:05:57]} Ra4 {[%clk 0:34:00]} 43. Rb3 {[%clk 0:06:08]}
Rc4 {[%clk 0:34:00]} 44. Rb7+ {[%clk 0:04:08]} Kf6 {[%clk 0:34:00]} 45. Rb6+
{[%clk 0:04:32]} Kf7 {[%clk 0:34:00]} 46. Rg6 {[%clk 0:04:19]} Rc3+ {[%clk
0:35:00]} 47. Kh4 {[%clk 0:04:21]} Rf3 {[%clk 0:34:00]} 48. f5 {[%clk 0:04:50]}
Ra3 {[%clk 0:34:00]} 49. f6 {[%clk 0:02:49]} gxf6 {[%clk 0:34:00]} 50. Rxh6
{[%clk 0:03:10]} Kg7 {[%clk 0:35:00]} 51. Rg6+ {[%clk 0:03:37]} Kf7 {[%clk
0:35:00]} 52. Rh6 {[%clk 0:03:00]} Kg7 {[%clk 0:36:00]} 53. Rg6+ {[%clk 0:36:00]}
Kf7 {[%clk 0:36:00]} 54. g5 {[%clk 0:36:00]} Ra4+ {[%clk 0:36:00]} 55. Kg3 {[%clk
0:36:00]} fxg5 {[%clk 0:36:00]} 56. Rxg5 {[%clk 0:36:00]} Ra3+ {[%clk 0:36:00]}
57. Kf4 {[%clk 0:36:00]} Ra4+ {[%clk 0:36:00]} 58. Ke3 {[%clk 0:36:00]} Ra3+
{[%clk 0:36:00]} 59. Kd4 {[%clk 0:36:00]} Ra4+ {[%clk 0:36:00]} 60. Kc3 {[%clk
0:36:00]} Rh4 {[%clk 0:36:00]} 1/2-1/2

[Event "Campeonato España Sub 16"]
[Site "Salobreña"]
[Date "2017.07.26"]
[Round "4"]
[White "Jausas Lopez, Andrea"]
[Black "Villacorta Nicolas, David"]
[Result "1/2-1/2"]
[Board "20"]
[WhiteClock "1:29"]
[WhiteElo "1878"]
[WhiteCountry "ESP"]
[WhiteFideId "22274901"]
[WhiteEloChange "4"]
[BlackClock "1:30"]
[BlackElo "2019"]
[BlackCountry "ESP"]
[BlackFideId "22295135"]
[BlackEloChange "-4"]

1. Nf3 {[%clk 1:29:00]} Nf6 {[%clk 1:30:00]} 2. c4 {[%clk 1:28:00]} g6 {[%clk
1:30:00]} 3. b4 {[%clk 1:28:00]} c5 {[%clk 1:25:00]} 4. bxc5 {[%clk 1:10:00]} Qa5
{[%clk 1:23:00]} 5. e3 {[%clk 1:05:00]} Bg7 {[%clk 1:18:00]} 6. Bb2 {[%clk
1:01:00]} Na6 {[%clk 1:16:00]} 7. Bc3 {[%clk 0:55:00]} Qxc5 {[%clk 1:15:00]} 8.
Qb3 {[%clk 0:50:00]} Qb6 {[%clk 1:12:00]} 9. Qc2 {[%clk 0:36:00]} Nc5 {[%clk
1:05:00]} 10. d3 {[%clk 0:35:00]} O-O {[%clk 0:56:00]} 11. Nbd2 {[%clk 0:30:00]}
d6 {[%clk 0:46:00]} 12. d4 {[%clk 0:26:00]} Ncd7 {[%clk 0:45:00]} 13. Bd3 {[%clk
0:26:00]} Re8 {[%clk 0:43:00]} 14. O-O {[%clk 0:25:00]} e5 {[%clk 0:43:00]} 15.
dxe5 {[%clk 0:15:42]} dxe5 {[%clk 0:41:00]} 16. Rab1 {[%clk 0:13:31]} Qc7 {[%clk
0:39:00]} 17. e4 {[%clk 0:11:34]} Nc5 {[%clk 0:39:00]} 18. Rfe1 {[%clk 0:07:44]}
b6 {[%clk 0:33:00]} 19. Nb3 {[%clk 0:06:08]} Nfd7 {[%clk 0:33:00]} 20. Nfd2
{[%clk 0:06:08]} Ba6 {[%clk 0:31:00]} 21. Bb4 {[%clk 0:04:50]} Bf8 {[%clk
0:27:00]} 22. a3 {[%clk 0:03:59]} Red8 {[%clk 0:27:00]} 23. Bf1 {[%clk 0:04:08]}
Ne6 {[%clk 0:25:00]} 24. Rbc1 {[%clk 0:03:35]} Ndc5 {[%clk 0:25:00]} 25. Nxc5
{[%clk 0:02:29]} Nxc5 {[%clk 0:22:00]} 26. Nb3 {[%clk 0:02:25]} Rac8 {[%clk
0:21:00]} 27. Nxc5 {[%clk 0:02:00]} Bxc5 {[%clk 0:21:00]} 28. Bxc5 {[%clk
0:02:10]} Qxc5 {[%clk 0:22:00]} 29. Qa4 {[%clk 0:01:58]} Qa5 {[%clk 0:19:54]} 30.
Qxa5 {[%clk 0:01:41]} bxa5 {[%clk 0:20:00]} 31. c5 {[%clk 0:01:03]} Bxf1 {[%clk
0:19:40]} 32. Kxf1 {[%clk 0:01:26]} Kf8 {[%clk 0:18:24]} 33. Re3 {[%clk 0:01:37]}
Ke7 {[%clk 0:17:40]} 34. Ke2 {[%clk 0:01:49]} Rd4 {[%clk 0:15:24]} 35. f3 {[%clk
0:01:09]} a4 {[%clk 0:15:42]} 36. Rec3 {[%clk 0:01:16]} Rb8 {[%clk 0:11:59]} 37.
R1c2 {[%clk 0:01:15]} Rb3 {[%clk 0:03:06]} 38. Rxb3 {[%clk 0:00:53]} axb3 {[%clk
0:03:31]} 39. Rb2 {[%clk 0:01:14]} Kd7 {[%clk 0:03:03]} 40. Rxb3 {[%clk 0:01:24]}
Kc6 {[%clk 0:00:00]} 41. Rc3 {[%clk 0:01:24]} Ra4 {[%clk 0:00:00]} 42. Kd3 {[%clk
0:01:24]} 1/2-1/2

[Event "Campeonato España Sub 16"]
[Site "Salobreña"]
[Date "2017.07.26"]
[Round "4"]
[White "Dominguez Ruiz, Mario"]
[Black "Sosa Suarez, Carla Cristina"]
[Result "1-0"]
[Board "21"]
[WhiteClock "n/a"]
[WhiteElo "2004"]
[WhiteCountry "ESP"]
[WhiteFideId "32092563"]
[WhiteEloChange "7"]
[BlackClock "n/a"]
[BlackElo "1911"]
[BlackCountry "ESP"]
[BlackFideId "24536350"]
[BlackEloChange "-7"]

1. d4 {[%clk 1:30:30]} e6 {[%clk 1:30:30]} 2. c4 {[%clk 1:30:30]} Nf6 {[%clk
1:30:30]} 3. Nc3 {[%clk 1:30:30]} Bb4 {[%clk 1:30:30]} 4. e3 {[%clk 1:30:30]} c5
{[%clk 1:30:30]} 5. Ne2 {[%clk 1:30:30]} O-O {[%clk 1:30:30]} 6. a3 {[%clk
1:30:30]} Bxc3+ {[%clk 1:30:30]} 7. Nxc3 {[%clk 1:30:30]} b6 {[%clk 1:30:30]} 8.
g3 {[%clk 1:30:30]} Bb7 {[%clk 1:30:30]} 9. d5 {[%clk 1:30:30]} d6 {[%clk
1:30:30]} 10. Bg2 {[%clk 1:30:30]} e5 {[%clk 1:30:30]} 11. O-O {[%clk 1:30:30]}
Qe7 {[%clk 1:30:30]} 12. e4 {[%clk 1:30:30]} Nbd7 {[%clk 1:30:30]} 13. Bg5 {[%clk
1:30:30]} Rfe8 {[%clk 1:30:30]} 14. f4 {[%clk 1:30:30]} h6 {[%clk 1:30:30]} 15.
Bh4 {[%clk 1:30:30]} exf4 {[%clk 1:30:30]} 16. gxf4 {[%clk 1:30:30]} a6 {[%clk
1:30:30]} 17. e5 {[%clk 1:30:30]} dxe5 {[%clk 1:30:30]} 18. d6 {[%clk 1:30:30]}
Qe6 {[%clk 1:30:30]} 19. Bxb7 {[%clk 1:30:30]} Rab8 {[%clk 1:30:30]} 20. Bd5
{[%clk 1:30:30]} Nxd5 {[%clk 1:30:30]} 21. f5 {[%clk 1:30:30]} Qxd6 {[%clk
1:30:30]} 22. Nxd5 {[%clk 1:30:30]} Qf8 {[%clk 1:30:30]} 23. f6 {[%clk 1:30:30]}
g5 {[%clk 1:30:30]} 24. Qg4 {[%clk 1:30:30]} 1-0

[Event "Campeonato España Sub 16"]
[Site "Salobreña"]
[Date "2017.07.26"]
[Round "4"]
[White "Martin Perez, Pau"]
[Black "Sobrino Forte, Alvaro"]
[Result "0-1"]
[Board "22"]
[WhiteClock "1:30"]
[WhiteElo "1876"]
[WhiteCountry "ESP"]
[WhiteFideId "32009984"]
[WhiteEloChange "-6"]
[BlackClock "1:30"]
[BlackElo "2003"]
[BlackCountry "ESP"]
[BlackFideId "24549495"]
[BlackEloChange "6"]

1. e4 {[%clk 1:30:00]} c5 {[%clk 1:30:00]} 2. Nf3 {[%clk 1:31:00]} Nc6 {[%clk
1:31:00]} 3. d3 {[%clk 1:31:00]} e6 {[%clk 1:31:00]} 4. g3 {[%clk 1:32:00]} d5
{[%clk 1:31:00]} 5. Qe2 {[%clk 1:32:00]} Nf6 {[%clk 1:31:00]} 6. Bg2 {[%clk
1:32:00]} Be7 {[%clk 1:28:00]} 7. O-O {[%clk 1:30:00]} O-O {[%clk 1:28:00]} 8. e5
{[%clk 1:29:00]} Nd7 {[%clk 1:28:00]} 9. c4 {[%clk 1:28:00]} b5 {[%clk 1:20:00]}
10. cxb5 {[%clk 0:57:00]} Na5 {[%clk 1:19:00]} 11. Qc2 {[%clk 0:45:00]} a6 {[%clk
1:15:00]} 12. bxa6 {[%clk 0:42:00]} Bxa6 {[%clk 1:15:00]} 13. Rd1 {[%clk
0:42:00]} Nc6 {[%clk 1:08:00]} 14. a3 {[%clk 0:36:00]} Ncxe5 {[%clk 1:03:00]} 15.
Nxe5 {[%clk 0:36:00]} Nxe5 {[%clk 1:04:00]} 16. Bf4 {[%clk 0:37:00]} Ng6 {[%clk
1:02:00]} 17. Be3 {[%clk 0:35:00]} Rc8 {[%clk 0:51:00]} 18. f4 {[%clk 0:32:00]}
Qa5 {[%clk 0:40:00]} 19. Nd2 {[%clk 0:30:00]} Qb5 {[%clk 0:37:00]} 20. Bf1 {[%clk
0:27:00]} Qb7 {[%clk 0:35:00]} 21. Rdc1 {[%clk 0:24:00]} Bd6 {[%clk 0:32:00]} 22.
Rab1 {[%clk 0:21:00]} Ne7 {[%clk 0:30:00]} 23. Nf3 {[%clk 0:20:00]} d4 {[%clk
0:28:00]} 24. Qe2 {[%clk 0:17:24]} dxe3 {[%clk 0:28:00]} 25. Qxe3 {[%clk
0:17:51]} Nf5 {[%clk 0:27:00]} 26. Qe2 {[%clk 0:18:08]} Qd5 {[%clk 0:25:00]} 27.
Qe4 {[%clk 0:14:08]} Qxe4 {[%clk 0:21:00]} 28. dxe4 {[%clk 0:14:30]} Bxf1 {[%clk
0:21:00]} 29. Kxf1 {[%clk 0:14:58]} Nd4 {[%clk 0:21:00]} 30. Nxd4 {[%clk
0:15:03]} cxd4 {[%clk 0:21:00]} 31. e5 {[%clk 0:15:27]} Be7 {[%clk 0:20:00]} 32.
Ke2 {[%clk 0:15:38]} Rxc1 {[%clk 0:15:47]} 33. Rxc1 {[%clk 0:16:04]} Rb8 {[%clk
0:16:07]} 34. Rc2 {[%clk 0:16:25]} Rb3 {[%clk 0:14:43]} 35. a4 {[%clk 0:15:59]}
d3+ {[%clk 0:14:43]} 0-1

[Event "Campeonato España Sub 16"]
[Site "Salobreña"]
[Date "2017.07.26"]
[Round "4"]
[White "Perez Perez , Gabriel"]
[Black "Amador Garcia, Ismael"]
[Result "1/2-1/2"]
[Board "23"]
[WhiteClock "1:30"]
[WhiteElo "2000"]
[WhiteCountry "ESP"]
[WhiteFideId "32089147"]
[WhiteEloChange "-3"]
[BlackClock "1:30"]
[BlackElo "1877"]
[BlackCountry "ESP"]
[BlackFideId "32040920"]
[BlackEloChange "3"]

1. d4 {[%clk 1:30:00]} Nf6 {[%clk 1:30:00]} 2. Nf3 {[%clk 1:31:00]} g6 {[%clk
1:30:00]} 3. g3 {[%clk 1:31:00]} Bg7 {[%clk 1:31:00]} 4. Bg2 {[%clk 1:31:00]} O-O
{[%clk 1:31:00]} 5. O-O {[%clk 1:32:00]} d6 {[%clk 1:31:00]} 6. a4 {[%clk
1:32:00]} a5 {[%clk 1:31:00]} 7. Nc3 {[%clk 1:32:00]} Nbd7 {[%clk 1:28:00]} 8. e4
{[%clk 1:32:00]} e5 {[%clk 1:27:00]} 9. Be3 {[%clk 1:28:00]} c6 {[%clk 1:23:00]}
10. dxe5 {[%clk 1:24:00]} dxe5 {[%clk 1:23:00]} 11. Nd2 {[%clk 1:23:00]} Qe7
{[%clk 1:15:00]} 12. Ra3 {[%clk 1:13:00]} Nc5 {[%clk 1:09:00]} 13. h3 {[%clk
1:07:00]} Ne8 {[%clk 0:55:00]} 14. Nc4 {[%clk 1:06:00]} Be6 {[%clk 0:55:00]} 15.
Nb6 {[%clk 0:44:00]} Ra6 {[%clk 0:45:00]} 16. Bxc5 {[%clk 0:44:00]} Qxc5 {[%clk
0:45:00]} 17. Nd7 {[%clk 0:44:00]} Bxd7 {[%clk 0:45:00]} 18. Qxd7 {[%clk
0:44:00]} Rb6 {[%clk 0:45:00]} 19. Ra2 {[%clk 0:43:00]} Rb4 {[%clk 0:36:00]} 20.
Qd3 {[%clk 0:39:00]} Nc7 {[%clk 0:33:00]} 21. Ne2 {[%clk 0:37:00]} Ne6 {[%clk
0:30:00]} 22. c3 {[%clk 0:36:00]} Rb6 {[%clk 0:30:00]} 23. Qc2 {[%clk 0:27:00]}
Qc4 {[%clk 0:24:00]} 24. Nc1 {[%clk 0:25:00]} Nc5 {[%clk 0:17:31]} 25. Re1 {[%clk
0:21:00]} Bh6 {[%clk 0:15:58]} 26. Bf1 {[%clk 0:21:00]} Qe6 {[%clk 0:16:25]} 27.
b4 {[%clk 0:19:35]} axb4 {[%clk 0:16:53]} 28. cxb4 {[%clk 0:19:41]} Na6 {[%clk
0:16:15]} 29. Nd3 {[%clk 0:11:26]} Nxb4 {[%clk 0:15:27]} 30. Nxb4 {[%clk
0:11:52]} Rxb4 {[%clk 0:15:33]} 31. Rb2 {[%clk 0:11:52]} 1/2-1/2

[Event "Campeonato España Sub 16"]
[Site "Salobreña"]
[Date "2017.07.26"]
[Round "4"]
[White "Arjona Casado, Abel"]
[Black "Sama Salinas, Alejandro"]
[Result "1/2-1/2"]
[Board "24"]
[WhiteClock "1:30"]
[WhiteElo "1828"]
[WhiteCountry "ESP"]
[WhiteFideId "24513296"]
[WhiteEloChange "5"]
[BlackClock "1:30"]
[BlackElo "2000"]
[BlackCountry "ESP"]
[BlackFideId "32086318"]
[BlackEloChange "-5"]

1. e4 {[%clk 1:30:00]} g6 {[%clk 1:30:00]} 2. d4 {[%clk 1:31:00]} Bg7 {[%clk
1:31:00]} 3. Nc3 {[%clk 1:31:00]} c6 {[%clk 1:31:00]} 4. Be3 {[%clk 1:31:00]} d5
{[%clk 1:32:00]} 5. Qd2 {[%clk 1:30:00]} dxe4 {[%clk 1:32:00]} 6. Nxe4 {[%clk
1:30:00]} Nd7 {[%clk 1:32:00]} 7. O-O-O {[%clk 1:29:00]} Ngf6 {[%clk 1:32:00]} 8.
f3 {[%clk 1:29:00]} Nxe4 {[%clk 1:28:00]} 9. fxe4 {[%clk 1:29:00]} Nf6 {[%clk
1:27:00]} 10. e5 {[%clk 1:18:00]} Nd5 {[%clk 1:19:00]} 11. Bh6 {[%clk 1:11:00]}
Bxh6 {[%clk 1:17:00]} 12. Qxh6 {[%clk 1:11:00]} Bg4 {[%clk 1:14:00]} 13. Be2
{[%clk 1:06:00]} Bxe2 {[%clk 1:14:00]} 14. Nxe2 {[%clk 1:05:00]} Qa5 {[%clk
1:14:00]} 15. Kb1 {[%clk 1:01:00]} O-O-O {[%clk 1:12:00]} 16. c4 {[%clk 0:52:00]}
Nb6 {[%clk 1:10:00]} 17. b3 {[%clk 0:51:00]} Qb4 {[%clk 1:07:00]} 18. Qd2 {[%clk
0:49:00]} Qxd2 {[%clk 1:06:00]} 19. Rxd2 {[%clk 0:49:00]} f6 {[%clk 1:05:00]} 20.
exf6 {[%clk 0:41:00]} exf6 {[%clk 1:04:00]} 21. Kc2 {[%clk 0:37:00]} Rhe8 {[%clk
1:01:00]} 22. Nc3 {[%clk 0:34:00]} Nd7 {[%clk 1:00:00]} 23. d5 {[%clk 0:32:00]}
Nc5 {[%clk 0:55:00]} 24. dxc6 {[%clk 0:30:00]} Rxd2+ {[%clk 0:55:00]} 25. Kxd2
{[%clk 0:31:00]} bxc6 {[%clk 0:55:00]} 26. Re1 {[%clk 0:25:00]} Rxe1 {[%clk
0:50:00]} 27. Kxe1 {[%clk 0:25:00]} Kd7 {[%clk 0:50:00]} 28. Ke2 {[%clk 0:25:00]}
a5 {[%clk 0:50:00]} 29. Ke3 {[%clk 0:25:00]} f5 {[%clk 0:50:00]} 30. g3 {[%clk
0:21:00]} Kd6 {[%clk 0:50:00]} 1/2-1/2

[Event "Campeonato España Sub 16"]
[Site "Salobreña"]
[Date "2017.07.26"]
[Round "4"]
[White "Guillo Longares, Cecilia"]
[Black "Moreno Alcaraz, Jose Javier"]
[Result "0-1"]
[Board "25"]
[WhiteClock "n/a"]
[WhiteElo "1997"]
[WhiteCountry "ESP"]
[WhiteFideId "32082681"]
[WhiteEloChange "-13"]
[BlackClock "n/a"]
[BlackElo "1872"]
[BlackCountry "ESP"]
[BlackFideId "32033303"]
[BlackEloChange "13"]

1. d4 {[%clk 1:30:30]} Nf6 {[%clk 1:30:30]} 2. c4 {[%clk 1:30:30]} c5 {[%clk
1:30:30]} 3. d5 {[%clk 1:30:30]} b5 {[%clk 1:30:30]} 4. Qc2 {[%clk 1:30:30]} bxc4
{[%clk 1:30:30]} 5. e4 {[%clk 1:30:30]} d6 {[%clk 1:30:30]} 6. Bxc4 {[%clk
1:30:30]} Nbd7 {[%clk 1:30:30]} 7. Nf3 {[%clk 1:30:30]} Nb8 {[%clk 1:30:30]} 8.
Ng1 {[%clk 1:30:30]} g6 {[%clk 1:30:30]} 9. Nf3 {[%clk 1:30:30]} Bg7 {[%clk
1:30:30]} 10. O-O {[%clk 1:30:30]} O-O {[%clk 1:30:30]} 11. h3 {[%clk 1:30:30]}
Nbd7 {[%clk 1:30:30]} 12. Bf4 {[%clk 1:30:30]} Rb8 {[%clk 1:30:30]} 13. Nc3
{[%clk 1:30:30]} Nh5 {[%clk 1:30:30]} 14. Bh2 {[%clk 1:30:30]} f5 {[%clk
1:30:30]} 15. Ng5 {[%clk 1:30:30]} f4 {[%clk 1:30:30]} 16. Be2 {[%clk 1:30:30]}
Ne5 {[%clk 1:30:30]} 17. Nf3 {[%clk 1:30:30]} Nxf3+ {[%clk 1:30:30]} 18. Bxf3
{[%clk 1:30:30]} Ba6 {[%clk 1:30:30]} 19. Rfe1 {[%clk 1:30:30]} Qa5 {[%clk
1:30:30]} 20. Rac1 {[%clk 1:30:30]} Bd4 {[%clk 1:30:30]} 21. Kh1 {[%clk 1:30:30]}
Ng7 {[%clk 1:30:30]} 22. Be2 {[%clk 1:30:30]} Bxf2 {[%clk 1:30:30]} 23. Rf1
{[%clk 1:30:30]} Be3 {[%clk 1:30:30]} 24. Rcd1 {[%clk 1:30:30]} Rf7 {[%clk
1:30:30]} 25. Bxa6 {[%clk 1:30:30]} Qxa6 {[%clk 1:30:30]} 26. Rf3 {[%clk
1:30:30]} Qb7 {[%clk 1:30:30]} 27. b3 {[%clk 1:30:30]} Nh5 {[%clk 1:30:30]} 28.
Ne2 {[%clk 1:30:30]} Rbf8 {[%clk 1:30:30]} 29. Bg1 {[%clk 1:30:30]} Bxg1 {[%clk
1:30:30]} 30. Rxg1 {[%clk 1:30:30]} Qd7 {[%clk 1:30:30]} 31. Qd2 {[%clk 1:30:30]}
g5 {[%clk 1:30:30]} 32. Rgf1 {[%clk 1:30:30]} Rg7 {[%clk 1:30:30]} 33. Kh2 {[%clk
1:30:30]} Qe8 {[%clk 1:30:30]} 34. g3 {[%clk 1:30:30]} Qg6 {[%clk 1:30:30]} 35.
Qd3 {[%clk 1:30:30]} Qh6 {[%clk 1:30:30]} 36. Kg2 {[%clk 1:30:30]} g4 {[%clk
1:30:30]} 37. hxg4 {[%clk 1:30:30]} Rxg4 {[%clk 1:30:30]} 38. Rh1 {[%clk
1:30:30]} Qg6 {[%clk 1:30:30]} 39. Rh3 {[%clk 1:30:30]} fxg3 {[%clk 1:30:30]} 40.
Rxf8+ {[%clk 1:30:30]} Kxf8 {[%clk 1:30:30]} 41. Qf3+ {[%clk 1:30:30]} Kg8 {[%clk
1:30:30]} 42. Rxh5 {[%clk 1:30:30]} Qxh5 {[%clk 1:30:30]} 43. Nxg3 {[%clk
1:30:30]} Qg6 {[%clk 1:30:30]} 44. Kh3 {[%clk 1:30:30]} Rxg3+ {[%clk 1:30:30]}
45. Qxg3 {[%clk 1:30:30]} Qxg3+ {[%clk 1:30:30]} 46. Kxg3 {[%clk 1:30:30]} Kf7
{[%clk 1:30:30]} 0-1